Segretari generali del Partito Comunista Italiano - Statistics

Statistiche generali
  • Questo quiz è stato fatto 221 volte
  • Il punteggio medio è 5 su 9
Statistiche sulle risposte
Anni Nome % Corretto
1972—1984 Enrico Berlinguer
96%
1924—1927 Antonio Gramsci
81%
1927—1934 Palmiro Togliatti
81%
1938—1964 Palmiro Togliatti
81%
1988—1991 Achille Occhetto
57%
1964—1972 Luigi Longo
30%
1984—1988 Alessandro Natta
29%
1921—1924 Amadeo Bordiga
20%
1934—1938 Ruggero Grieco
6%
Nessun quiz corrispondente trovato
Distribuzione punteggi
Percentuale di utenti per punteggio
Percentile per numero di risposta
I tuoi punteggi nel tempo
Non hai fatto questo quiz